000 00454nam a22001577a 4500
005 20260416170247.0
008 260416b |||||||| |||| 00| 0 eng d
020 _a9789964960995
050 _aKRX 3800
_b.MS2
100 _aMensa Bonsu J.A.N Henrietta
245 _aThe General part of criminal law
_bA Ghanaian casebook
260 _aAccra
_bBlack mask ltd
_cc2001
300 _axiii,532p,
700 _aMensa Bonsu J.A.N Henrietta
942 _2lcc
_cBK
_n0
999 _c9241
_d9241